| 000 | 00771nas a2200241 4500 | ||
|---|---|---|---|
| 001 | BR9800915 | ||
| 003 | BR-BrBNA | ||
| 005 | 20231205100916.0 | ||
| 007 | ta | ||
| 008 | 230509b bl.|||p| |||| 00| 00por d | ||
| 040 |
_aBR-BrBNA _bpor _cBiblioteca Nacional de Agricultura |
||
| 041 | _a(Pt) | ||
| 072 | _aF03; H20 | ||
| 100 | 1 | _aChoudhury, M.M. | |
| 245 | 1 | _aSituacao atual e potencialidade de producao de sementes de alta qualidade sanitaria em regioes aridas e semi-aridas brasileiras | |
| 650 | _aSemente | ||
| 650 | _aQualidade | ||
| 650 | _aPatologia de Semente | ||
| 650 | _aClima Tropical | ||
| 773 | 0 |
_tRevista Brasileira de Sementes (Brazil) _x _g(1985), v. 7(2) p. 21-31 _wBR9800915 |
|
| 909 |
_a202311 _bLúcia _c55 _dLúcia Elande |
||
| 942 |
_2AGRIS _n0 _cANA |
||
| 999 |
_c158742 _d158742 |
||